| 000 | 00653nam a2200253Ia 4500 | ||
|---|---|---|---|
| 001 | 118089 | ||
| 003 | YMCAF | ||
| 005 | 20230512163354.0 | ||
| 008 | 170417s2012 ||||||||||||||||| ||und|d | ||
| 020 | _a9781470425869 | ||
| 024 | _a118089 | ||
| 035 | _a48102 | ||
| 040 |
_aYMCAF _beng _cIN-KoLT |
||
| 041 | _aeng | ||
| 082 |
_a515.352 _bTES |
||
| 100 | _aTeschl, Gerald | ||
| 245 | 0 | _aOrdinary differential equations and dynamical systems | |
| 260 |
_aHyderabad _bUniversity press _c2012 |
||
| 300 | _a356 | ||
| 500 | _aAmerican mathematical society providence | ||
| 653 | _aDifferential equations | ||
| 653 | _aMathematics | ||
| 942 |
_2ddc _cBK |
||
| 999 |
_c14819 _d14819 |
||